[Event "GER-chT U10"]
[Site "Magdeburg"]
[Date "2015.12.27"]
[Round "2.2"]
[White "Loreck, Tristan"]
[Black "Wehling, Linos"]
[Result "0-1"]
[WhiteElo "757"]
[BlackElo "899"]
[PlyCount "26"]
[EventDate "2015.12.27"]
[EventType "team-swiss"]
[EventRounds "7"]
[EventCountry "GER"]
[SourceTitle "EXT 2017"]
[Source "ChessBase"]
[SourceDate "2016.10.25"]
[SourceVersion "1"]
[SourceVersionDate "2016.10.25"]
[SourceQuality "1"]
[WhiteTeam "Hettstedt II"]
[BlackTeam "Breitenworbis"]
[WhiteTeamCountry "GER"]
[BlackTeamCountry "GER"]

1. e4 e5 2. Nf3 Nc6 3. Nc3 Bc5 4. Bb5 Nf6 5. Bxc6 dxc6 6. 0-0 0-0 7. d3 h6 8. d4 exd4 9. Nxd4 Bb4 10. Nde2 Nxe4 11. Ng3 Nxg3 12. hxg3 Bc5 13. Qg4 Bxg4 0-1